| 000 | 01060cam a2200241 4500 | ||
|---|---|---|---|
| 001 | WB3914-02 | ||
| 008 | 030410n2003 000 0 eng u | ||
| 035 | _a(Sirsi) u121953 | ||
| 245 | _aNew construction orders: February 2003 | ||
| 260 | _c2003 | ||
| 490 |
_aDTI Press Release _v(C-0403) 10 April 2003 (2) |
||
| 520 | _aConstruction orders in the 12 months to February 2003 rose by 13% compared to the previous 12 months, with rises in all sectors except private industrial and public housing orders. Orders in the three months to February 2003 were 15% up on the previous three month period due to public non-housing orders and growth in the infrastructure sector. www.gnn.gov.uk/gnn/national.nsf/TI/6BFEF545A4E47C7680256D0400373DD2?opendocument | ||
| 590 | _aWB | ||
| 650 |
_aInfrastructure _96246 |
||
| 650 | _aPUBLIC NON-HOUSING | ||
| 650 | _aPRIVATE HOUSING | ||
| 650 | _aPRIVATE INDUSTRIAL | ||
| 650 | _aPRIVATE COMMERCIAL | ||
| 650 | _aCONSTRUCTION MARKET | ||
| 650 | _aCONSTRUCTION ORDERS | ||
| 690 | _aBUILT ENVIRONMENT | ||
| 942 | _n0 | ||
| 999 |
_c72479 _d72479 |
||